000 00387nam a2200145Ia 4500
008 150201s2008 xx 000 0 und d
082 _a518.1
_bDAS
100 _aDasgupta,Sanjoy
245 _aAlgorithms
260 _bTata McGraw Hill Education Private Limited
_aNew Delhi
_c2008
300 _a320p.
700 _aPapadimitriou,Christos
700 _aVazirani,Umesh
942 _2ddc
_cBK
_07
999 _c5446
_d5446